000 00727cam a2200181 i 4500
005 20251123115301.0
008 250721s1995 jo gr 000 0 ara d
082 1 4 _a211.2
_bإ ب ر
100 1 _aالداية، إبراهيم طه سليم
_eمؤلف.
245 1 0 _aقراءات قرآنية :
_bقراءة الإمام عاصم من روايتي حفص وشعبة عنه من طريق الشاطبية /
_cتأليف إبراهيم طه سليم الداية.
250 _aالطبعة الأولى.
264 3 1 _aعمان :
_bالمؤلف،
_c1995.
300 _a79 صفحة.
650 1 7 _aالقرآن الكريم.
650 1 7 _aقراءات القرآن السبع.
942 _2ddc
_cBK
999 _c5496
_d5496